Znovuobjavenie času Filozofia v príbehoch

Gespeichert in:
Bibliographische Detailangaben
1. Verfasser: Marcelli, Miroslav
Format: Buch
Sprache:Slowakisch
Veröffentlicht: Bratislava Smena 1990
Ausgabe:1. vyd.
Tags: Tag hinzufügen
Keine Tags, Fügen Sie das erste Tag hinzu!

MARC

LEADER 00000nam a2200000 4500
001 c025420
005 20221215072104.2
041 0 |a slo 
044 |a SK 
245 1 0 |a Znovuobjavenie času  |b Filozofia v príbehoch  |c Miroslav Marcelli 
250 |a 1. vyd. 
264 1 |a Bratislava  |b Smena  |c 1990 
300 |a 166 s. 
100 1 |a Marcelli, Miroslav